000
00292nam a22001337a 4500
008
180123b xxu||||| |||| 00| 0 eng d
020
_a
0465061680
041
_a
eng
080
_a
941
100
_a
16
101
_a
HIS
245
_a
PR! A social History of SPIN
_c
Ewen, S
942
_2
udc
_c
BK
999
_c
40736
_d
40736